00000000nam##2200000za#4500
0019.579307
003CaOODSP
00520210624190512
007cr |||||||||||
008150406|2001||||xxc|||||o    f|0| 0 eng|d
022 |a1488-5379
040 |aCaOODSP|beng
043 |an-cn---
0861 |aFs97-6/2364E-PDF
1101 |aCanada. |bDepartment of Fisheries and Oceans.
24510|aScientific considerations and results relevant to the review of the 1996 Offshore Waste Treatment Guidelines / |h[electronic resource]|cby Peter J. Cranford ... [et al.]
260 |aDartmouth - Nova Scotia : |bFisheries and Oceans Canada |c2001.
300 |a33p.|bfigs., references
4901 |aCanadian technical report of fisheries and aquatic sciences|x1488-5379|vNo. 2364
500 |aOn t.p.: Bedford Institute of Oceanography, Dartmouth, Nova Scotia. The catalogue number and ISSN for the print edition appear in the PDF version.
546 |a(Résumé en français)
590 |a14-06-Supp|b2014-03-21
7201 |aCranford, Peter
830#0|aCanadian technical report of fisheries and aquatic sciences,|x1488-5379|vNo. 2364|w(CaOODSP)9.504449
85640|ahttp://publications.gc.ca|qPDF|s3066 KB|uhttps://publications.gc.ca/collections/collection_2014/mpo-dfo/Fs97-6-2364-eng.pdf|yNo. 2364